|
|
|
|
| LEADER |
00000cam a2200000 7i4500 |
| 001 |
0000031285 |
| 005 |
20260223.0 |
| 008 |
260210 my a may |
| 040 |
|
|
|a INS
|b eng
|c INS
|e rda
|
| 041 |
0 |
|
|a may
|
| 090 |
0 |
0 |
|a M664
|
| 245 |
1 |
0 |
|a Kursus Pengurusan Sumber Manusia Baharu :
|b Modul Pengurusan Perkhidmatan dan Prestasi 5-7 Mei 2025
|
| 264 |
|
1 |
|a Kajang :
|b Institut Penilaian Negara (INSPEN)
|c 2025
|
| 300 |
|
|
|a 1 Course module ;
|c Various pagination.
|
| 336 |
|
|
|a text
|2 rdacontent
|
| 337 |
|
|
|a unmediated
|2 rdamedia
|
| 338 |
|
|
|a volume
|2 rdacarrier
|
| 650 |
|
0 |
|a Case bmethod
|x Study and teaching
|
| 650 |
|
0 |
|a Civil service positions
|x Promotion
|z Malaysia
|
| 650 |
|
0 |
|a Civil service
|x Personal management
|z Malaysia
|
| 650 |
|
0 |
|a Human resources development
|x Government employees
|z Malaysia
|
| 650 |
|
0 |
|a Personnel management
|x Law and legislation
|z Malaysia
|
| 650 |
|
0 |
|a Public administration
|x Employee performance evaluation
|
| 830 |
|
0 |
|a Program Latihan 2025
|
| 999 |
|
|
|a M000001406
|b BOOK
|c Course Notes
|e Default branch
|